Autism, brain, and environment (Record no. 375943)

MARC details
000 -LEADER
fixed length control field 00719nam a2200241Ia 4500
008 - FIXED-LENGTH DATA ELEMENTS--GENERAL INFORMATION
fixed length control field 191130s2006##################000#0#eng##
020 ## - INTERNATIONAL STANDARD BOOK NUMBER
ISBN 9781843104384
082 ## - DEWEY DECIMAL CLASSIFICATION NUMBER
Classification number 616.85882 LAT
100 ## - MAIN ENTRY--AUTHOR NAME
Personal name Lathe, Richard
245 ## - TITLE STATEMENT
Title Autism, brain, and environment
Statement of responsibility, etc Richard Lathe
260 ## - PUBLICATION, DISTRIBUTION, ETC. (IMPRINT)
Place of publication London
Name of publisher Jessica Kingsley
Year of publication 2006
300 ## - PHYSICAL DESCRIPTION
Number of Pages 288 p. : ill. ; 24 cm
500 ## - GENERAL NOTE
General note Includes references and indexes
650 ## - SUBJECT ADDED ENTRY--TOPICAL TERM
Topical Term Autism - Environmental aspects
Topical Term Autism -- Pathophysiology
Topical Term Autistic Disorder
Topical Term Brain -- physiopathology
Topical Term Environmental Exposure
991 ## -
-- 138197
Holdings
Withdrawn status Lost status Damaged status Not for loan Home library Current library Shelving location Date acquired Full call number Accession Number Price effective from Koha item type
        Anna Centenary Library Anna Centenary Library 5TH FLOOR, B WING 17.10.2020 616.85882 LAT 335521 17.10.2020 English Books

Find us on the map